000
00297nam a22001337a 4500
008
170710b xxu||||| |||| 00| 0 eng d
020
_a
9781880231005
041
_a
eng
080
_a
030
100
_a
23
101
_a
ENC
245
_a
HOW TO GET ANYTHING ON ANYBODY
_c
LAPIN,L
942
_2
udc
_c
BK
999
_c
20146
_d
20146